La gaceta de los tribunales (Record no. 157251)
[ view plain ]
| 000 -LEADER | |
|---|---|
| campo de control de longitud fija | 01135nam a22002415i 4500 |
| 001 - NÚMERO DE CONTROL | |
| campo de control | 157251 |
| 003 - IDENTIFICADOR DE NÚMERO DE CONTROL | |
| campo de control | ES-MaACL |
| 005 - FECHA Y HORA DE LA ÚLTIMA TRANSACCIÓN | |
| campo de control | 20250824071444.0 |
| 008 - DATOS DE LONGITUD FIJA--INFORMACIÓN GENERAL | |
| campo de control de longitud fija | 040817s1844 sp |||| | spa d |
| 080 ## - NÚMERO DE LA CLASIFICACIÓN DECIMAL UNIVERSAL | |
| Número de la Clasificación Decimal Universal | 821.133.1-23"18" |
| 100 1# - ENTRADA PRINCIPAL--NOMBRE DE PERSONA | |
| Nombre de persona | Laurencin, |
| Títulos y otros términos asociados al nombre | Monsieur, |
| Fechas asociadas al nombre | 1808-1890 |
| 9 (RLIN) | 149487 |
| 245 13 - MENCIÓN DEL TÍTULO | |
| Título | La gaceta de los tribunales |
| Resto del título | : comedia en un acto / |
| Mención de responsabilidad, etc. | escrita en francés por Mr. Laurencin ; (traducida por J.G. Doncel). |
| 260 ## - PUBLICACIÓN, DISTRIBUCIÓN, ETC. | |
| Lugar de publicación, distribución, etc. | Madrid : |
| Nombre del editor, distribuidor, etc. | [Librería de José Cuesta, |
| Fecha de publicación, distribución, etc. | 1844] ( |
| Fabricante | Imp. de la Viuda de Jordán é Hijos) |
| 300 ## - DESCRIPCIÓN FÍSICA | |
| Extensión | 14 p. ; |
| Dimensiones | 26 cm. |
| 490 1# - MENCIÓN DE SERIE | |
| Mención de serie | Museo dramático o Coleccion de comedias del teatro moderno español y estrangero [sic] |
| 530 ## - NOTA DISPONIBLE DE FORMULARIO FÍSICO ADICIONAL | |
| Nota de formato físico adicional disponible | Disponible también en sitio web. |
| 594 ## - Nota al título y mención de responsabilidad | |
| Nota al título y mención de responsabilidad | Título y autores tomados de principio del texto. |
| 700 1# - ENTRADA AGREGADA--NOMBRE PERSONAL | |
| Nombre de persona | García Doncel, Juan. |
| 9 (RLIN) | 147935 |
| 830 00 - PUNTO DE ACCESO ADICIONAL DE SERIE-TÍTULO UNIFORME | |
| Título uniforme | Museo dramático o Coleccion de comedias del teatro moderno español y estrangero |
| 9 (RLIN) | 221760 |
| 852 ## - LOCALIZACIÓN | |
| Ubicación | ES-MaACL |
| Número de control de estantería | F-7489(26) |
| Nota libre | . - Enc. hol. |
| -- | . - Enc. en un vol. facticio |
| 856 ## - LOCALIZACIÓN Y ACCESO ELECTRÓNICOS | |
| Identificador Uniforme de Recursos | <a href="http://www.archive.org/details/lagacetadelostri00laur ">http://www.archive.org/details/lagacetadelostri00laur </a> |
| Nota pública | Ir a la página |
| Estatus retirado | Estado de pérdida | Estado de daño | No para préstamo | Colección | Biblioteca de origen | Biblioteca actual | Ubicación en estantería | Fecha de adquisición | Total de préstamos | Signatura topográfica completa | Código de barras | Visto por última vez | Precio de reemplazo | Tipo de ítem Koha |
|---|---|---|---|---|---|---|---|---|---|---|---|---|---|---|
| Colección digital | Biblioteca del Ateneo de Madrid | Biblioteca del Ateneo de Madrid | Depósito 2 | 17/01/2008 | F-7489(26) | 1164553 | 23/02/2023 | 23/02/2023 | Libro impreso antiguo |
